000 00710nam a22002057a 4500
999 _c186269
_d186269
005 20220221113234.0
010 _aENG-131702
020 _a9788195086085
_c250.00
035 _aEN-115234
037 _bDBAD
082 _a370.822
100 _aReddy, P. Janardhana Kumar
245 _aGender, School And Scoiety/
_cP. Janardhana Kumar Reddy, J. Loganayagi and S. Vinothkumar
260 _aViluppuram
_bMasivan Pathippagam
_c2021
270 _a3/199, A. Gudalur (New Street), Ayadur Post, Kandachipuram (TK)
_bViluppuram
_e605755
_meditor@masivanpathippagam.com
300 _a173p.
_c24cm(pbk)
700 _aLoganayagi, J.
700 _aVinothkumar, S.
942 _2ddc
_cEN
_h370.822
_mRED